| 000 | 00842nam a2200229Ii 4500 | ||
|---|---|---|---|
| 003 | JO-AjNU | ||
| 008 | 230605s9999||||xx |||||||||||||| ||und|| | ||
| 017 | _a2002/5804 | ||
| 020 | _a977-04-3753-0 | ||
| 040 |
_aJO-AjNU _bara _erda _cJO-AjNU |
||
| 041 | _aara | ||
| 050 | 1 | 4 | _aKRM642.2001 |
| 100 | 3 |
_aعلم الدين، محيي الدين إسماعيل, _eauthor _932469 |
|
| 245 | 0 | 0 | _aشرح قانون التمويل العقاري ولائحته التنفيذية |
| 250 | _a(د،ط) | ||
| 264 | 3 | 1 | _aالقاهرة : النسر الذهبي ، 2001 |
| 300 | _a387ص | ||
| 336 |
_atext _btxt _2rdacontent |
||
| 337 |
_aunmediated _bn _2rdamedia |
||
| 338 |
_avolume _bnc _2rdacarrier |
||
| 650 | 4 |
_aالبنوك -- قوانين وتشريعات -- مصر -- البنوك -- تمويل -- البنوك العقارية _932470 |
|
| 999 |
_aA13112 _c16680 _d16680 |
||